La divina comedia

Salvato in:
Dettagli Bibliografici
Autore principale: Alighieri, Dante (autor)
Natura: Libro
Lingua:spagnolo
Pubblicazione: Buenos Aires Asociación Dante Alighieri 1987
Soggetti:
Tags: Aggiungi Tag
Nessun Tag, puoi essere il primo ad aggiungerne!!

MARC

LEADER 00000nam a2200000 a 4500
001 UCV7679
003 CL-VaPUC
008 890531e19870000AG |||||||||||||||||spa|d
082 0 4 |a 851  |b ALI  |2 21 
100 |a Alighieri, Dante  |e autor  |9 396 
245 1 3 |a La divina comedia 
300 |a 3 v 
942 |c BK 
945 |d 19890531 00:00:00 
260 |a Buenos Aires  |b Asociación Dante Alighieri  |c 1987 
500 |a v.1: Paraíso 
500 |a v.2: Infierno 
500 |a v.3: Purgatorio 
650 0 |a Poesías italianas  |9 265352 
583 |a last modification  |c 19890531 00:00:00  |k Rodrigo Vera 
999 |c 213322  |d 213320 
952 |0 0  |1 0  |4 0  |6 851_000000000000000_ALI_1987  |7 0  |8 R  |9 195595  |a BIBARQ  |b BIBARQ  |d 2019-11-14  |h v.1  |i 2636158  |l 1  |o 851 ALI 1987  |p 2636158  |r 2025-01-20  |s 2023-05-22  |w 2019-11-14  |y BK_R  |k ARQ 
952 |0 0  |1 0  |4 0  |6 851_000000000000000_ALI_1987  |7 0  |8 R  |9 195596  |a BIBARQ  |b BIBARQ  |d 2019-11-14  |h v.2  |i 2636166  |l 1  |m 3  |o 851 ALI 1987  |p 2636166  |r 2025-01-20  |s 2023-05-23  |w 2019-11-14  |y BK_R  |k ARQ 
952 |0 0  |1 0  |4 0  |6 851_000000000000000_ALI_1987  |7 0  |8 R  |9 195597  |a BIBARQ  |b BIBARQ  |d 2019-11-14  |h v.3  |i 2636174  |o 851 ALI 1987  |p 2636174  |r 2025-01-20  |w 2019-11-14  |y BK_R  |k ARQ